Welcome to CU Library Online Public Access Catalogue (OPAC)

Communicating effectively / (Record no. 9487)

MARC details
000 -LEADER
fixed length control field 00628cam a2200217 a 4500
001 - CONTROL NUMBER
control field 4961503
005 - DATE AND TIME OF LATEST TRANSACTION
control field 20260422140955.0
008 - FIXED-LENGTH DATA ELEMENTS--GENERAL INFORMATION
fixed length control field 970313s1998 maua b 001 0 eng
020 ## - INTERNATIONAL STANDARD BOOK NUMBER
International Standard Book Number 0070167710
020 ## - INTERNATIONAL STANDARD BOOK NUMBER
International Standard Book Number 9780070167711
050 00 - LIBRARY OF CONGRESS CALL NUMBER
Classification number P95
Item number .H9 1998
082 00 - DEWEY DECIMAL CLASSIFICATION NUMBER
Classification number 302.2/242
Edition information 21
100 1# - MAIN ENTRY--PERSONAL NAME
Personal name Hybels, Saundra.
245 10 - TITLE STATEMENT
Title Communicating effectively /
Statement of responsibility, etc. Saundra Hybels, Richard L. Weaver II.
250 ## - EDITION STATEMENT
Edition statement 5th ed.
260 ## - PUBLICATION, DISTRIBUTION, ETC.
Place of publication, distribution, etc. Boston, Mass. :
Name of publisher, distributor, etc. McGraw-Hill,
Date of publication, distribution, etc. c1998.
300 ## - PHYSICAL DESCRIPTION
Extent xxv, 550 p. :
Other physical details ill. ;
Dimensions 24 cm.
650 #0 - SUBJECT ADDED ENTRY--TOPICAL TERM
Topical term or geographic name entry element Oral communication.
700 1# - ADDED ENTRY--PERSONAL NAME
Personal name Weaver, Richard L.,
Dates associated with a name 1941-
942 ## - ADDED ENTRY ELEMENTS (KOHA)
Source of classification or shelving scheme Library of Congress Classification
Koha item type Books
Edition 5th ed.
Suppress in OPAC No
999 ## -
-- 9487
-- 9487
Holdings
Withdrawn status Lost status Source of classification or shelving scheme Damaged status Not for loan Collection Home library Current library Shelving location Date acquired Total checkouts Full call number Barcode Date last seen Copy number Price effective from Koha item type
    Library of Congress Classification     Non-fiction Business Library (Miotso) Business Library (Miotso) General stacks 04/22/2026   P95 .H9 1998 BSSM00003575 04/22/2026 1 04/22/2026 Books
© 2023-2024 Copyright: Central University Libraries. All Rights Reserved | Created by: Mahone Tech Office